| 000 | 00374nam a22001577a 4500 | ||
|---|---|---|---|
| 003 | MACL | ||
| 005 | 20151126165559.0 | ||
| 008 | 151126b xxu||||| |||| 00| 0 eng d | ||
| 040 | _cMACL | ||
| 041 | _aEnglish | ||
| 082 | _a580/THA | ||
| 100 |
_aThapar,Valmik _918428 |
||
| 245 | _aRanthambhore,10Days In The Tiger Fortress | ||
| 650 |
_aZoology _95807 |
||
| 942 |
_2ddc _cBK |
||
| 999 |
_c51211 _d51211 |
||